Detalles MARC
| 000 -CABECERA |
| campo de control de longitud fija |
01741nam a2200313 u 4500 |
| 001 - NÚMERO DE CONTROL |
| campo de control |
000003535 |
| 003 - IDENTIFICADOR DEL NÚMERO DE CONTROL |
| campo de control |
DO-SdBNP |
| 005 - FECHA Y HORA DE LA ÚLTIMA TRANSACCIÓN |
| campo de control |
20220831143959.0 |
| 007 - CAMPO FIJO DE DESCRIPCIÓN FÍSICA--INFORMACIÓN GENERAL |
| campo de control de longitud fija |
ta |
| 008 - DATOS DE LONGITUD FIJA--INFORMACIÓN GENERAL |
| campo de control de longitud fija |
090710s2000 dr cd 000 0 spa d |
| 040 ## - FUENTE DE LA CATALOGACIÓN |
| Centro catalogador/agencia de origen |
DO-SdBNP |
| Lengua de catalogación |
spa |
| Centro/agencia transcriptor |
BNPHU |
| 082 #4 - NÚMERO DE LA CLASIFICACIÓN DECIMAL DEWEY |
| Número de clasificación |
332.11 |
| Número de documento/Ítem |
B213me |
| Número de edición |
22 |
| 110 2# - ENTRADA PRINCIPAL--NOMBRE DE ENTIDAD CORPORATIVA |
| Nombre de entidad corporativa o nombre de jurisdicción como elemento de entrada |
Banco de Reservas de la República Dominicana |
| 9 (RLIN) |
6285 |
| 245 10 - MENCIÓN DE TÍTULO |
| Título |
Memoria Anual / |
| Mención de responsabilidad, etc. |
fotográfos Luis Nova, Actividades acuáticas LTD Simón Guerrero. |
| 260 ## - PUBLICACIÓN, DISTRIBUCIÓN, ETC. |
| Lugar de publicación, distribución, etc. |
Santo Domingo : |
| Nombre del editor, distribuidor, etc. |
Amigo del hogar, |
| Fecha de publicación, distribución, etc. |
2000. |
| 300 ## - DESCRIPCIÓN FÍSICA |
| Extensión |
69 p. : |
| Otras características físicas |
retrs. diag. ; |
| Dimensiones |
28 cm. |
| 500 ## - NOTA GENERAL |
| Nota general |
La fotografía de la portada muestra dos ballenas jorobadas captadas en el Banco de la Plata, en el Océano Atlántico. Esta ha sido cedida gentilmente por la empresa Actividades Acuáticas, LTD. |
| 505 0# - NOTA DE CONTENIDO CON FORMATO |
| Nota de contenido con formato |
Indicadores financieros -- Consejo de directores -- Carta de la administración general -- Contexto económico en el 2000 y perspectivas para el año 2001 -- Comportamiento operacional en el 2000 -- Las ballenas jorobadas -- Las ballenas jorobadas de nuestro Banco de Plata -- Proyecto de conservación de Lechuzas de la República Dominicana -- informe de los contadores independientes y estados financieros al 31 de diciembre del 2000 y 1999 |
| 590 ## - NOTA LOCAL (RLIN) |
| Nota local |
Inventariada, 2022 / DG |
| 610 2# - PUNTO DE ACCESO ADICIONAL DE MATERIA--NOMBRE DE ENTIDAD CORPORATIVA |
| Nombre de entidad corporativa o nombre de jurisdicción como elemento de entrada |
Banco de Reservas de la República Dominicana |
| 9 (RLIN) |
6285 |
| 650 #4 - PUNTO DE ACCESO ADICIONAL DE MATERIA--TÉRMINO DE MATERIA |
| Término de materia o nombre geográfico como elemento de entrada |
Bancos |
| Subdivisión general |
Correspondencia, memorias, etc. |
| Subdivisión geográfica |
República Dominicana |
| 9 (RLIN) |
10943 |
| 650 #4 - PUNTO DE ACCESO ADICIONAL DE MATERIA--TÉRMINO DE MATERIA |
| Término de materia o nombre geográfico como elemento de entrada |
Ballenas jorobadas |
| Subdivisión geográfica |
República Dominicana |
| 9 (RLIN) |
10944 |
| 650 #4 - PUNTO DE ACCESO ADICIONAL DE MATERIA--TÉRMINO DE MATERIA |
| Término de materia o nombre geográfico como elemento de entrada |
Buhos |
| Subdivisión general |
Conservación de especímenes |
| Subdivisión geográfica |
República Dominicana |
| 9 (RLIN) |
10945 |
| 700 1# - PUNTO DE ACCESO ADICIONAL--NOMBRE DE PERSONA |
| Nombre de persona |
Nova, Luis, |
| Término indicativo de función/relación |
fot. |
| 9 (RLIN) |
10946 |
| 700 1# - PUNTO DE ACCESO ADICIONAL--NOMBRE DE PERSONA |
| Nombre de persona |
Guerrero, Simón, |
| Término indicativo de función/relación |
fot. |
| 9 (RLIN) |
10948 |
| 710 1# - PUNTO DE ACCESO ADICIONAL--NOMBRE DE ENTIDAD CORPORATIVA |
| Nombre de entidad corporativa o nombre de jurisdicción como elemento de entrada |
Actividades acuáticas LTD |
| Término indicativo de función/relación |
fot. |
| 9 (RLIN) |
10947 |
| 910 ## - DATOS DE OPCIÓN DEL USUARIO (OCLC) |
| Datos de opción del usuario |
DG |
| 942 ## - ELEMENTOS DE PUNTO DE ACCESO ADICIONAL (KOHA) |
| Fuente del sistema de clasificación o colocación |
Dewey Decimal Classification |
| Tipo de ítem Koha |
Libro |